000 01045nam a22002777a 4500
001 BD-DhSAU 8849
003 BD-DhSAU
005 20181217150704.0
008 150420b2016 bg ||||| m||| 00| 0 eng d
040 _aBD-DhSAU
082 _222
_a635
_bSa351
100 _eRegistration # 10-04027
_aSalma , Umme
245 _a Influence of Boron on growth and yield of Broccoli cultivars /
_bMS thesis
_cSalma , Umme
260 _aSher-e-Bangla Agricultural University :
_bDepartment of Horticulture,
_c2016
300 _aix,85 p. :
_c30 cm.
_bill. ;
500 _aMS thesis of Department of Horticulture, Faculty of Agriculture, Sher-e-Bangla Agricultural University, Dhaka
504 _aIncludes bibliographical reference.
590 _aShofi
650 _aHorticulture
650 _a Boron
650 _aBroccoli
700 _a Hossain, Md. Ismail
_eSuperviser
700 _aAkand, Md. Hasanuzzaman
_eCo-superviser
856 _uhttp://archive.saulibrary.edu.bd:8080/xmlui/handle/123456789/138
_yOnline Access
942 _2ddc
_cTHESIS
999 _c14021
_d14020